Gyermeki jogok érvényesülése Magyarországon egy esetfeldolgozás alapján

Elmentve itt :
Bibliográfiai részletek
Szerző: Bárány Rita
További közreműködők: Miszlai Péter Sándor (Témavezető)
Dokumentumtípus: Szakdolgozat
Megjelent: 2020
Tárgyszavak:
Online Access:http://diploma.bibl.u-szeged.hu/107899
LEADER 00715nta a2200181 i 4500
001 dipl107899
005 20210304074343.0
008 210302s2020 hu om 0|| zxx d
040 |a SZTE Diploma Repozitórium  |b hun 
041 |a zxx 
100 1 |a Bárány Rita 
245 1 0 |a Gyermeki jogok érvényesülése Magyarországon egy esetfeldolgozás alapján  |h [elektronikus dokumentum] /  |c Rita Bárány 
246 1 0 |a Enforcement of children's rights in Hungary based on a case study  |h [elektronikus dokumentum] 
260 |c 2020 
650 4 |a Társadalomtudomány 
650 4 |a Sociology 
700 1 |a Miszlai Péter Sándor  |e ths 
856 4 0 |u http://diploma.bibl.u-szeged.hu/id/eprint/107899/1/2020_barany_rita.pdf  |z Dokumentum-elérés